Prevención y uso de drogas: la urgencia de pensar nuevos paradigmas /
Sábháilte in:
| Príomhchruthaitheoir: | |
|---|---|
| Formáid: | Téacs |
| Clibeanna: |
Cuir clib leis
Níl clibeanna ann, Bí ar an gcéad duine le clib a chur leis an taifead seo!
|
MARC
| LEADER | 00000 a a2200000 04500 | ||
|---|---|---|---|
| 001 | 48760 | ||
| 003 | |||
| 040 | |||
| 100 | |a Vergara B., Eduardo | ||
| 245 | |a Prevención y uso de drogas: |b la urgencia de pensar nuevos paradigmas / |c Eduardo Vergara B. | ||
| 773 | |a número255, (2015), páginas 117-131 | ||
| 999 | |c 40115 |d 40115 | ||
